000 00669nam a22002057a 4500
005 20241010155216.0
010 _aENG-142090
020 _a9788195816408
_c400.00
035 _aEN-125622
037 _bDBAD
082 0 4 _a357.45
100 _aBANGIA HARSHUL
_972600
245 1 0 _aCENTRAL GOVERNMENT ACCOUNT RECEIPTS AND PAYMENTS RULES,2022/
_bHARSHUL BANGIA
250 _a1
260 _aNEW DELHI
_bSUMEDHA PUBLISHNG HOUSE
_c2022
270 _aUG-1,ANSAL CHAMBER-1, 3BHIKAJI CAMA PLACE,
_bNEW DELHI
_e110066
_k9891591329
_msumedhapublishinghouse@gmail.com
300 _a268 p. :
_b24 c.m(pb)
700 1 _952394
942 _2ddc
_cEN
_h357.45
_mban
999 _c206270
_d206270